000 00348 a2200109 4500
001 ART_34380
005 20260410161708.0
008 260409a
245 1 0 _aImpuesto a las ganancias y prohibición de confiscar la propiedad privada
100 1 _aGusman, Alfredo S.
773 0 _tRevista Impuestos
_g- Nº 23 (dic. 2004)
_wREV639
999 _c15829
_d15829